Films avec François Cluzet par image - Statistiques

Statistiques générales
  • Ce quiz a été pris 71 fois
  • Le résultat moyen est 4 sur 16
Statistiques - réponses
Par images Réponse % Correct
Intouchables
100%
Les Petits Mouchoirs
75%
Un moment d'égarement
40%
L'École buissonnière
37%
Ne le dis à personne
28%
Médecin de campagne
27%
En solitaire
19%
Un métier sérieux
18%
Normandie nue
10%
Une rencontre
10%
Mon père est femme de ménage
7%
Quatre étoiles
7%
Do Not Disturb
6%
Les Liens du Sang
4%
Une affaire de femmes
4%
Autour de minuit
1%
Aucun quiz correspondant
Distribution des résultats
% des personnes avec chaque résultat
Percentile par nombre de réponses
Votre historique - résultats
Vous n’avez pas pris ce quiz